00509nam a22002057a 450000500170000001000110001702000100002803500110003803700160004904000120006508200150007710000160009224500510010826000350015927000310019430000270022550000210025265000120027365000180028520170124110031.0 a749729 c00.00 a749729 bCen Lib/Ret aDPLbEN a551.5bJAK aJakes, John aTiros :cby John Jakesbweather eye in space / aNew YorkbJulian Messnerc1966 bNew Yorka1 West 39 Street a191p.:c20cm(Hb)bill. aIncludes index  aGeology aWind and Rain